Manual de técnicas de investigación para estudiantes de ciencias sociales / (Registro nro. 508)
[ vista simple ]
| 000 -LEADER | |
|---|---|
| fixed length control field | 00604nam a22001937a 4500 |
| 003 - CONTROL NUMBER IDENTIFIER | |
| control field | OSt |
| 005 - DATE AND TIME OF LATEST TRANSACTION | |
| control field | 20250516123539.0 |
| 008 - FIXED-LENGTH DATA ELEMENTS--GENERAL INFORMATION | |
| fixed length control field | 250516s2000 mx ||||| |||| 00| 0 spa d |
| 020 ## - INTERNATIONAL STANDARD BOOK NUMBER | |
| International Standard Book Number | 9681206991 |
| 040 ## - CATALOGING SOURCE | |
| Transcribing agency | besoc |
| 100 1# - MAIN ENTRY--PERSONAL NAME | |
| Personal name | Garza Mercado, Ario, |
| Relator term | autor |
| 245 10 - TITLE STATEMENT | |
| Title | Manual de técnicas de investigación para estudiantes de ciencias sociales / |
| Statement of responsibility, etc. | Ario Garza Mercado |
| 250 ## - EDITION STATEMENT | |
| Edition statement | 6a ed. |
| 260 ## - PUBLICATION, DISTRIBUTION, ETC. | |
| Place of publication, distribution, etc. | México : |
| Name of publisher, distributor, etc. | El Colegio de México, |
| Date of publication, distribution, etc. | 2000 |
| 300 ## - PHYSICAL DESCRIPTION | |
| Extent | 410 p. |
| 490 0# - SERIES STATEMENT | |
| Series statement | Biblioteca Daniel Cosío Villegas |
| 650 #4 - SUBJECT ADDED ENTRY--TOPICAL TERM | |
| Topical term or geographic name entry element | Metodología de la investigación |
| General subdivision | Ciencias sociales |
| 942 ## - ADDED ENTRY ELEMENTS (KOHA) | |
| Source of classification or shelving scheme | Universal Decimal Classification |
| Koha item type | Obra General |
| Suppress in OPAC | No |
| Withdrawn status | Lost status | Source of classification or shelving scheme | Damaged status | Not for loan | Collection | Home library | Current library | Date acquired | Total checkouts | Full call number | Barcode | Date last seen | Price effective from | Koha item type |
|---|---|---|---|---|---|---|---|---|---|---|---|---|---|---|
| Universal Decimal Classification | Colección Nélida Perona | Biblioteca Escuela de Ciencias Sociales | Biblioteca Escuela de Ciencias Sociales | 16/05/2025 | 303.1 G245 | 001411 | 16/05/2025 | 16/05/2025 | Obra General |